Descripción física y geológica de la provincia de Madrid / (Record no. 162524)

MARC details
000 -LEADER
campo de control de longitud fija 01216nam a22002295i 4500
001 - NÚMERO DE CONTROL
campo de control 162524
003 - IDENTIFICADOR DE NÚMERO DE CONTROL
campo de control ES-MaACL
005 - FECHA Y HORA DE LA ÚLTIMA TRANSACCIÓN
campo de control 20251220063022.0
008 - DATOS DE LONGITUD FIJA--INFORMACIÓN GENERAL
campo de control de longitud fija 940301s1864 sp a |||| | spa d
040 ## - FUENTE DE CATALOGACIÓN
Centro catalogador/agencia de origen CAM
Lengua de catalogación spa
100 1# - ENTRADA PRINCIPAL--NOMBRE DE PERSONA
Nombre de persona Prado, Casiano de,
Fechas asociadas al nombre 1797-1866
9 (RLIN) 93606
245 10 - MENCIÓN DEL TÍTULO
Título Descripción física y geológica de la provincia de Madrid /
Mención de responsabilidad, etc. por Casiano de Prado.
260 ## - PUBLICACIÓN, DISTRIBUCIÓN, ETC.
Lugar de publicación, distribución, etc. Madrid :
Nombre del editor, distribuidor, etc. [s.n.],
Fecha de publicación, distribución, etc. 1864 (
Fabricante Imprenta Nacional)
300 ## - DESCRIPCIÓN FÍSICA
Extensión XVI, 219 p., IV h. de lam. pleg., [1] h. de map. pleg. :
Otras características físicas il. ;
Dimensiones 31 cm.
594 ## - Nota al título y mención de responsabilidad
Nota al título y mención de responsabilidad Precede al tít.: Junta General de Estadística.
599 ## - NOTA A LAS ILUSTRACIONES
NOTA A LAS ILUSTRACIONES Las h. de lám. pleg. lit.: "F. Kraus"
599 ## - NOTA A LAS ILUSTRACIONES
NOTA A LAS ILUSTRACIONES La h. de map. pleg. litogr.: "G. Pfeiffer. Madrid" con la leyenda: "Mapa geológico de la provincia de Madrid publicado por la Junta de Estadística General del Reino en 1864 y formado por D. Casiano de Prado"
650 #4 - PUNTO DE ACCESO ADICIONAL DE MATERIA--TÉRMINO DE MATERIA
Término de materia o nombre geográfico como elemento de entrada Geología-
Subdivisión geográfica Madrid (Comunidad Autónoma)
9 (RLIN) 139287
852 ## - LOCALIZACIÓN
Ubicación ES-MaACL
Número de control de estantería T-202-F-3
Nota libre -- Enc. hol.
condición física -- Falto de la cub. original
Nota libre -- Enc. en un vol. facticio
852 ## - LOCALIZACIÓN
Ubicación ES-MaACL
Número de control de estantería C-1408(2)
Nota libre .- Legado de Federico de Botella y de Hornos
-- .- Dedicatoria autógrafa del autor a Federico Botella
Holdings
Estatus retirado Estado de pérdida Estado de daño No para préstamo Colección Biblioteca de origen Biblioteca actual Ubicación en estantería Fecha de adquisición Total de préstamos Signatura topográfica completa Código de barras Visto por última vez Precio de reemplazo Tipo de ítem Koha Fuente de adquisición
        Colección de folletos Biblioteca del Ateneo de Madrid Biblioteca del Ateneo de Madrid Depósito folletos 17/01/2008   T-202-F-3 1170265 23/02/2023 23/02/2023 Folleto  
        Libros del s. XIX Biblioteca del Ateneo de Madrid Biblioteca del Ateneo de Madrid Sala Palomar 19/06/2009   C-1408(2) 1180761 23/02/2023 23/02/2023 Libro impreso antiguo